Visualizzazione normale
Vista MARC
- Floyd King
di Personal Name
Records bibliografici associati: 1
001 - CONTROL NUMBER
- control field: 32191
003 - CONTROL NUMBER IDENTIFIER
- control field: IT-RoPau
005 - DATE AND TIME OF LATEST TRANSACTION
- control field: 20140627120627.0
008 - FIXED-LENGTH DATA ELEMENTS
- fixed length control field: 140627|| aca||aabn | a|a d
040 ## - CATALOGING SOURCE
- Original cataloging agency: IT-RoPau
- Transcribing agency: IT-RoPau
100 ## - HEADING--PERSONAL NAME
- Personal name: Floyd King
- Dates associated with a name: Codice autore SPICS: 49710
- Relator term: Autore
- Name of part/section of a work: Boombastic
670 ## - SOURCE DATA FOUND
- Source citation: Work cat.: (IT-RoPau)99194: AA.VV. 794, Hit's Virgin Spot